ជីវិតសូនីតា : (Record no. 9056)

MARC details
000 -LEADER
fixed length control field 02999nam a22003017a 4500
001 - CONTROL NUMBER
control field 9056
003 - CONTROL NUMBER IDENTIFIER
control field FISKH
005 - DATE AND TIME OF LATEST TRANSACTION
control field 20251127121252.0
008 - FIXED-LENGTH DATA ELEMENTS--GENERAL INFORMATION
fixed length control field 251118b cb ||||| |||| 00| 0 eng d
020 ## - INTERNATIONAL STANDARD BOOK NUMBER
International Standard Book Number 9789996301261
040 ## - CATALOGING SOURCE
Original cataloging agency FISKH
Language of cataloging khr
Transcribing agency FISKH
Modifying agency FISKH
082 ## - DEWEY DECIMAL CLASSIFICATION NUMBER
Classification number 398.2
100 ## - MAIN ENTRY--PERSONAL NAME
Personal name Sotheary, Kimsun
245 ## - TITLE STATEMENT
Title ជីវិតសូនីតា :
Remainder of title Sonita's life /
Statement of responsibility, etc. និពន្ធដោយ អ្នកស្រី គឹមស៊ុន សុធារី ,​ ត្រួតពិនិត្យអក្ខរាវិរុទ្ធ លោក វ៉ាន់ សុភ័ក្រ្ត , អ្នកនាង វ៉ាត ចរិយា​, កញ្ញា វុិច វឌ្ឍនា និង​ កញ្ញា ហម លីមឆេង
260 ## - PUBLICATION, DISTRIBUTION, ETC.
Place of publication, distribution, etc. ភ្នំពេញ :
Name of publisher, distributor, etc. Reading Books ,
Date of publication, distribution, etc. 2011.
300 ## - PHYSICAL DESCRIPTION
Extent 20 pages :
Other physical details color illustrations ;
Dimensions 25 cm .
490 ## - SERIES STATEMENT
Series statement ពិភពរឿងនិទាន
505 ## - FORMATTED CONTENTS NOTE
Formatted contents note K <br/>
520 ## - SUMMARY, ETC.
Summary, etc. សូនីតាជាក្មេងកំព្រា រស់នៅជាមួយស្ត្រីចំណាស់អ្នកមានម្នាក់ ។​ ដូនចាស់ប្រើនាងអោយធ្វើការងារសព្វគ្រប់ ហើយតែងតែនិយាយគំរោះគំរើយដាក់នាង ហើយថ្ងៃមួយដូនចាស់ក៏បណ្តេញនាងចេញពីផ្ទះ ។ ក្រោយមកនាងក៏បានទៅនៅជាមួយប្តីប្រពន្ធពីរនាក់ ។ និយាយពីដូនចាស់វិញ ក្រោយការចាកចេញរបស់សូនីតា ផ្ទះដូនចាស់ត្រូវឆេះ គាត់ក៏ធ្លាក់ខ្លួនដើរសុំទាន ។​ ពេលឃើញដូនចាស់សូនីតាក៏សុំឪពុកម្តាយអោយដូនចាស់រស់នៅជាមួយ ដោយសារតែដូនចាស់ធ្លាប់ចិញ្ចឹមនាងមួយរយះកន្លងមក ។​
520 ## - SUMMARY, ETC.
Summary, etc. Sonita was an orphan girl living with an older woman. The older woman made her do all the work and constantly scolded and mistreated her. One day, the older woman kicked Sonita out of the house. Afterwards, Sonita went to live with a couple. As for the older woman, after Sonita left, her house burned down, and she ended up begging for alms. When Sonita saw the older woman, she asked her parents to let the older woman live with them, because the older woman had taken care of her for a period of time.
521 8# - TARGET AUDIENCE NOTE
Target audience note 510 <br/>
Source Lexile estimate <br/><br/>
521 8# - TARGET AUDIENCE NOTE
Target audience note K <br/>
Source Raz-Plus <br/>
650 ## - SUBJECT ADDED ENTRY--TOPICAL TERM
Topical term or geographic name entry element ជីវិតសូនីតា
Form subdivision រឿងនិទានកុមារ​
650 ## - SUBJECT ADDED ENTRY--TOPICAL TERM
Topical term or geographic name entry element Sonita's life
Form subdivision Children's Stories
700 ## - ADDED ENTRY--PERSONAL NAME
Personal name San, Thai
Relator term Illustrator
942 ## - ADDED ENTRY ELEMENTS (KOHA)
Source of classification or shelving scheme Dewey Decimal Classification
Koha item type Khmer Books
Suppress in OPAC No
Holdings
Withdrawn status Lost status Source of classification or shelving scheme Damaged status Not for loan Collection Home library Current library Shelving location Date acquired Total Checkouts Full call number Barcode Date last seen Copy number Price effective from Koha item type
    Dewey Decimal Classification     Khmer-English Bilingual / ភាសាខ្មែរ-អង់គ្លេស Footprints International School Library Network Toul Tom Poung Campus Footprints International School Library Network Toul Tom Poung Campus TTP Primary Khmer Bookshelves 11/18/2025   SOT 398.2 FIS04422 11/18/2025 1 11/18/2025 Khmer Books
    Dewey Decimal Classification     Khmer-English Bilingual / ភាសាខ្មែរ-អង់គ្លេស Footprints International School Library Network Toul Tom Poung Campus Footprints International School Library Network Toul Tom Poung Campus TTP Primary Khmer Bookshelves 11/27/2025   SOT 398.2 FIS04463 11/27/2025 2 11/27/2025 Khmer Books